000 00327nam a22001457a 4500
008 210301b ||||| |||| 00| 0 eng d
020 _a9781680362664
041 _aeng
080 _24th
_a070
082 _a070
100 _a39
101 _aMED
245 _aPrinciples of Oral Communication
_cSwavey, Sh
942 _2udc
_cBK
999 _c55404
_d55404